Se está tan bien aquí /

Uloženo v:
Podrobná bibliografie
Hlavní autor: Aura, Alejandro (autor)
Médium: Kniha
Jazyk:španělština
Vydáno: México : Oaxaca, México : CONACULTA : Instituto Nacional de Bellas Artes ; Calamus, 2007, c2007
Edice:(Calamus Poesía)
Témata:
Tagy: Přidat tag
Žádné tagy, Buďte první, kdo vytvoří štítek k tomuto záznamu!

MARC

LEADER 00000nam^a2200000^a^4500
001 000298353
005 20250521000000.0
009 20260310112406.905
020 |a 978-970-802-069-5 
020 |a 968-9045-24-5 
037 |a Acervo ITESO - Biblioteca 
041 |a ESP 
082 |a 861.  |b AUR 
100 |a Aura, Alejandro  |e (autor) 
245 1 0 |a Se está tan bien aquí /  |c A. Aura. 
264 4 |a México :  |b CONACULTA :  |b Instituto Nacional de Bellas Artes ;  |a Oaxaca, México :  |b Calamus,  |c 2007, c2007 
300 |a 57 p. 
336 |a texto  |b txt  |2 rdacontenido 
337 |a sin mediación  |b n  |2 rdamedio 
338 |a volumen  |b nc  |2 rdasoporte 
440 1 |a (Calamus Poesía) 
545 0 |a Alejandro Aura (Ciudad de México, 1944-Madrid, 2008), poeta, narrador, dramaturgo y actor, vinculado estrechamente con la difusión cultural en su ciudad natal. Fue becario del Centro Mexicano de Escritores, colaborador de numerosas revistas y suplementos culturales y directivo de Teatro y Danza de la UNAM y del Instituto de Cultura de la Ciudad de México. Ganador del Premio Cultural de la Juventud (1969), el Premio Latinoamericano de Cuento de Puebla (1972) y el Premio Nacional de Poesía Aguascalientes (1973). Algunos de los títulos de su extensa obra son: Sol de agua; Volver a casa; Poeta en la mañana; Tambor interno; Júbilo; La historia de Nápoles; Los baños de Celeste; Salón calavera; y XE Bubulú, entre otros. Su obra se caracteriza por la sencillez temática y del lenguaje, cargados frecuentemente de humor; un tema recurrente en su poesía fue el asombro gozoso ante la vida. 
649 |a XX 
650 |a Poesía Mexicana 
650 |a Literatura Mexicana -  |y Siglo XXI 
910 |a Fondo General 
920 |a Impresos - Libros 
930 |a Colección General 
940 |a Literatura 
905 |a 101 
901 |a 0500183960  |b IT1  |c LIT  |i C122332  |u 20250521 
902 |a https://opac.biblio.iteso.mx/vufind/Record/000298353